书目信息 |
| 题名: |
立法概述
|
|
| 作者: | 魏海军 主编 | |
| 分册: | ||
| 出版信息: | 沈阳 东北大学出版社 2014.9 |
|
| 页数: | 608页 | |
| 开本: | 21cm | |
| 丛书名: | ||
| 单 册: | ||
| 中图分类: | D901 | |
| 科图分类: | ||
| 主题词: | 立法--Li Fa--研究 , 研究--Yan Jiu | |
| 电子资源: | ||
| ISBN: | 978-7-5517-0660-5 | |
| 000 | 00809nam0 22002411 450 | |
| 001 | 350939 | |
| 005 | 20161011151036.71 | |
| 010 | @a978-7-5517-0660-5@dCNY95.00 | |
| 100 | @a20150122d2014 em y0chiy50 ea | |
| 101 | 0 | @achi |
| 102 | @aCN@b210000 | |
| 105 | @ay z 000yy | |
| 106 | @ar | |
| 200 | 1 | @a立法概述@ALi Fa Gai Shu@f魏海军主编 |
| 210 | @a沈阳@c东北大学出版社@d2014.9 | |
| 215 | @a608页@d21cm | |
| 330 | @a本书共分二十章,内容包括:立法的本质、作用和发展,立法指导思想和基本原则,立法与国情,立法体制,立法主体,立法权,立法程序,中央立法,地方立法,授权立法,立法效力,立法监督,立法和法的解释等。 | |
| 606 | 0 | @a立法@ALi Fa@x研究 |
| 606 | 0 | @a研究@AYan Jiu |
| 690 | @aD901@v5 | |
| 701 | 0 | @a魏海军@AWei Hai Jun@4主编 |
| 801 | 0 | @aCN@bTANGWEI@c20160808 |
| 905 | @b0892471-4@dD901@e629@f4 | |
| 立法概述/魏海军主编.-沈阳:东北大学出版社,2014.9 |
| 608页;21cm |
| ISBN 978-7-5517-0660-5:CNY95.00 |
| 本书共分二十章,内容包括:立法的本质、作用和发展,立法指导思想和基本原则,立法与国情,立法体制,立法主体,立法权,立法程序,中央立法,地方立法,授权立法,立法效力,立法监督,立法和法的解释等。 |
| ● |
| 相关链接 |
|
|
|
|
正题名:立法概述
索取号:D901/629
 
预约/预借
| 序号 | 登录号 | 条形码 | 馆藏地/架位号 | 状态 | 备注 |
| 1 | 0892471 | 208924716 | 第一样本阅览室/ [索取号:D901/629] | 在馆 | |
| 2 | 0892472 | 208924725 | 密集书库-史法系/ [索取号:D901/629] | 在馆 | |
| 3 | 0892473 | 208924734 | 第一借阅区/ [索取号:D901/629] | 在馆 | |
| 4 | 0892474 | 208924743 | 第一借阅区/ [索取号:D901/629] | 在馆 |